[Event "African Games-chT 2019"]
[Site "Casablanca"]
[Date "2019.08.24"]
[Round "2.29"]
[White "Amba, Oyon Marius Claude"]
[Black "Asante Debesai Zerabruk"]
[Result "0-1"]
[WhiteElo "1911"]
[BlackElo "1712"]
[Annotator "NA"]
[PlyCount "244"]
[EventDate "2019.08.24"]
[EventType "team-tourn"]
[EventCountry "MAR"]
[SourceTitle "playchess.com"]
[Source "ChessBase"]
[SourceQuality "1"]
[WhiteTeam "CMR"]
[BlackTeam "Eritrea"]
[BlackTeamCountry "ERI"]
[TimeControl "900+10"]

1. e4 {[%emt 0:00:00]} c6 {[%emt 0:00:00]} 2. Nc3 {[%emt 0:00:00]} d5 {[%emt 0:00:00]} 3. d4 {[%emt 0:00:00]} dxe4 {[%emt 0:00:00]} 4. Nxe4 {[%emt 0:00:00]} Bf5 {[%emt 0:00:00]} 5. Ng3 {[%emt 0:00:02]} Bg6 {[%emt 0:00:00]} 6. Nf3 {[%emt 0:00:04]} e6 {[%emt 0:00:00]} 7. Bd3 {[%emt 0:00:04]} Bxd3 {[%emt 0:00:00]} 8. Qxd3 {[%emt 0:00:02]} Nd7 {[%emt 0:00:01]} 9. O-O {[%emt 0:00:05]} Be7 {[%emt 0:00:04]} 10. Bf4 {[%emt 0:00:28]} Ngf6 {[%emt 0:00:01]} 11. Rad1 {[%emt 0:00:05]} O-O {[%emt 0:00:12]} 12. c4 {[%emt 0:00:03]} Re8 {[%emt 0:01:29]} 13. Ne5 {[%emt 0:00:10]} Nxe5 {[%emt 0:00:14]} 14. Bxe5 {[%emt 0:00:03]} Bd6 {[%emt 0:00:09]} 15. f4 {[%emt 0:00:57]} Ng4 {[%emt 0:01:52]} 16. Qf3 {[%emt 0:00:05]} Qh4 {[%emt 0:01:18]} 17. h3 {[%emt 0:00:09]} Nxe5 {[%emt 0:00:11]} 18. fxe5 {[%emt 0:00:05]} Bc7 {[%emt 0:00:14]} 19. Qxf7+ {[%emt 0:00:04]} Kh8 {[%emt 0:00:05]} 20. Nh5 {[%emt 0:00:22]} Qg5 {[%emt 0:00:44]} 21. Rf3 {[%emt 0:00:49]} h6 {[%emt 0:03:07]} 22. Rg3 {[%emt 0:00:25]} Re7 {[%emt 0:00:00]} 23. Qf3 {[%emt 0:01:28]} Qf5 {[%emt 0:01:14]} 24. Qe2 {[%emt 0:00:16]} Rf7 {[%emt 0:02:27]} 25. Qg4 {[%emt 0:04:46]} Qxg4 {[%emt 0:00:55]} 26. Rxg4 {[%emt 0:00:01]} Raf8 {[%emt 0:00:09]} 27. Rd2 {[%emt 0:00:26]} c5 {[%emt 0:00:27]} 28. Ng3 {[%emt 0:01:49]} cxd4 {[%emt 0:00:12]} 29. Kh2 {[%emt 0:00:30]} Bxe5 {[%emt 0:00:24]} 30. Re4 {[%emt 0:00:11]} Rf5 {[%emt 0:01:03]} 31. h4 {[%emt 0:01:02]} Bxg3+ {[%emt 0:00:11]} 32. Kxg3 {[%emt 0:00:02]} e5 {[%emt 0:00:01]} 33. Rde2 {[%emt 0:00:24]} Re8 {[%emt 0:00:14]} 34. Rxd4 {[%emt 0:00:10]} Kg8 {[%emt 0:00:34]} 35. Rd7 {[%emt 0:00:12]} Rf7 {[%emt 0:00:01]} 36. Rxf7 {[%emt 0:00:09]} Kxf7 {[%emt 0:00:01]} 37. Rd2 {[%emt 0:00:06]} Ke6 {[%emt 0:00:02]} 38. Kf3 {[%emt 0:00:03]} g6 {[%emt 0:00:11]} 39. Ke4 {[%emt 0:00:03]} Rf8 {[%emt 0:00:04]} 40. g3 {[%emt 0:00:03]} Rf1 {[%emt 0:00:12]} 41. Re2 {[%emt 0:00:14]} Rg1 {[%emt 0:00:07]} 42. Re3 {[%emt 0:01:13]} Rg2 {[%emt 0:00:01]} 43. Rb3 {[%emt 0:00:09]} b6 {[%emt 0:00:06]} 44. a4 {[%emt 0:00:15]} Re2+ {[%emt 0:00:01]} 45. Kf3 {[%emt 0:00:02]} Rc2 {[%emt 0:00:01]} 46. Rb4 {[%emt 0:00:18]} h5 {[%emt 0:00:04]} 47. Ke3 {[%emt 0:00:08]} Kf5 {[%emt 0:00:07]} 48. a5 {[%emt 0:00:12]} e4 {[%emt 0:00:24]} 49. axb6 {[%emt 0:00:13]} axb6 {[%emt 0:00:02]} 50. Rb5+ {[%emt 0:00:02]} Kg4 {[%emt 0:00:43]} 51. Rg5+ {[%emt 0:00:02]} Kh3 {[%emt 0:00:01]} 52. Rxg6 {[%emt 0:00:02]} Rxb2 {[%emt 0:00:09]} 53. Kxe4 {[%emt 0:00:02]} Rb4 {[%emt 0:00:25]} 54. Kd5 {[%emt 0:00:09]} Rb3 {[%emt 0:00:11]} 55. Rg5 {[%emt 0:00:32]} Rd3+ {[%emt 0:01:31]} 56. Kc6 {[%emt 0:00:05]} Rc3 {[%emt 0:00:03]} 57. Kb5 {[%emt 0:00:17]} Rb3+ {[%emt 0:00:17]} 58. Ka4 {[%emt 0:00:03]} Rc3 {[%emt 0:00:12]} 59. Kb4 {[%emt 0:00:03]} Re3 {[%emt 0:00:15]} 60. Rxh5 {[%emt 0:00:05]} Kxg3 {[%emt 0:00:07]} 61. Rh6 {[%emt 0:00:12]} Kf4 {[%emt 0:01:31]} 62. Rxb6 {[%emt 0:00:06]} Ke5 {[%emt 0:00:04]} 63. Kc5 {[%emt 0:00:20]} Re4 {[%emt 0:00:12]} 64. h5 {[%emt 0:00:14]} Rh4 65. Rh6 {[%emt 0:00:13]} Rh1 {[%emt 0:00:06]} 66. Rh8 {[%emt 0:00:02]} Ra1 {[%emt 0:00:11]} 67. Re8+ {[%emt 0:00:10]} Kf6 {[%emt 0:00:02]} 68. h6 {[%emt 0:00:16]} Rh1 {[%emt 0:00:31]} 69. Rd8 {[%emt 0:00:25]} Ke7 {[%emt 0:00:08]} 70. Rh8 {[%emt 0:00:17]} Kd7 {[%emt 0:00:08]} 71. Rh7+ {[%emt 0:00:14]} Ke6 {[%emt 0:00:07]} 72. Kc6 {[%emt 0:00:19]} Ra1 {[%emt 0:00:02]} 73. c5 {[%emt 0:00:11]} Ra6+ {[%emt 0:00:08]} 74. Kb7 {[%emt 0:00:19]} Ra1 {[%emt 0:00:01]} 75. c6 {[%emt 0:00:03]} Rb1+ {[%emt 0:00:04]} 76. Kc8 {[%emt 0:00:04]} Kd6 {[%emt 0:00:03]} 77. Rb7 {[%emt 0:02:20]} Rh1 {[%emt 0:00:07]} 78. h7 {[%emt 0:00:03]} Kxc6 {[%emt 0:00:06]} 79. Rg7 {[%emt 0:00:11]} Kd6 {[%emt 0:00:04]} 80. Kd8 {[%emt 0:00:01]} Ke6 {[%emt 0:00:04]} 81. Ke8 {[%emt 0:00:02]} Kf6 {[%emt 0:00:43]} 82. Kf8 {[%emt 0:00:02]} Rb1 {[%emt 0:00:29]} 83. Rf7+ {[%emt 0:00:22]} Kg6 {[%emt 0:00:00]} 84. h8=N+ {[%emt 0:02:11]} Kg5 {[%emt 0:00:05]} 85. Rg7+ {[%emt 0:00:02]} Kf4 {[%emt 0:00:03]} 86. Ng6+ {[%emt 0:00:02]} Ke4 {[%emt 0:00:19]} 87. Re7+ {[%emt 0:00:03]} Kd4 {[%emt 0:00:33]} 88. Kf7 {[%emt 0:00:09]} Rf1+ {[%emt 0:00:02]} 89. Ke8 {[%emt 0:00:03]} Ra1 {[%emt 0:00:10]} 90. Rd7+ {[%emt 0:00:04]} Ke4 {[%emt 0:00:04]} 91. Ke7 {[%emt 0:00:03]} Ra6 {[%emt 0:00:07]} 92. Nf8 {[%emt 0:00:06]} Ke5 {[%emt 0:00:28]} 93. Rc7 {[%emt 0:00:08]} Ra2 {[%emt 0:00:45]} 94. Rc5+ {[%emt 0:00:05]} Ke4 {[%emt 0:00:02]} 95. Ne6 {[%emt 0:00:04]} Ra7+ {[%emt 0:00:03]} 96. Kf6 {[%emt 0:00:01]} Ra6 {[%emt 0:00:04]} 97. Re5+ {[%emt 0:00:09]} Kf3 {[%emt 0:00:02]} 98. Kf5 {[%emt 0:00:03]} Ra8 {[%emt 0:00:09]} 99. Ng5+ {[%emt 0:00:07]} Kf2 {[%emt 0:00:22]} 100. Re4 {[%emt 0:00:08]} Rf8+ {[%emt 0:00:06]} 101. Kg4 {[%emt 0:00:02]} Rg8 {[%emt 0:00:05]} 102. Re5 {[%emt 0:00:17]} Rg7 {[%emt 0:00:06]} 103. Kf4 {[%emt 0:00:06]} Rg8 {[%emt 0:00:10]} 104. Ne4+ {[%emt 0:00:13]} Kg2 {[%emt 0:00:05]} 105. Ke3 {[%emt 0:00:08]} Rg7 {[%emt 0:00:05]} 106. Rf5 {[%emt 0:00:07]} Rg8 {[%emt 0:00:43]} 107. Rf2+ {[%emt 0:00:05]} Kh3 {[%emt 0:00:13]} 108. Rf3+ {[%emt 0:00:28]} Kg2 {[%emt 0:00:08]} 109. Rf2+ {[%emt 0:00:05]} Kh3 {[%emt 0:00:01]} 110. Nf6 {[%emt 0:00:05]} Rg3+ {[%emt 0:00:07]} 111. Kf4 {[%emt 0:00:03]} Ra3 {[%emt 0:00:27]} 112. Rf1 {[%emt 0:00:05]} Ra4+ {[%emt 0:00:01]} 113. Ne4 {[%emt 0:00:08]} Kg2 {[%emt 0:00:04]} 114. Rf3 {[%emt 0:00:10]} Kh2 {[%emt 0:00:04]} 115. Rd3 {[%emt 0:00:20]} Kg2 {[%emt 0:00:04]} 116. Rd8 {[%emt 0:00:02]} Kf1 {[%emt 0:00:13]} 117. Rg8 {[%emt 0:00:32]} Ke2 {[%emt 0:00:09]} 118. Rg3 {[%emt 0:00:19]} Kf1 {[%emt 0:00:09]} 119. Rc3 {[%emt 0:00:14]} Ke2 {[%emt 0:00:24]} 120. Rb3 {[%emt 0:00:08]} Rc4 {[%emt 0:00:16]} 121. Rb2+ {[%emt 0:00:14]} Kf1 {[%emt 0:00:11]} 122. Kf3 {[%emt 0:00:12]} Ke1 0-1

[Event "African Games-chT 2019"]
[Site "Casablanca"]
[Date "2019.08.24"]
[Round "2.37"]
[White "Kourakoumba, Florent"]
[Black "Rita, Jeorciley"]
[Result "0-1"]
[WhiteElo "1677"]
[BlackElo "1920"]
[Annotator "NA"]
[PlyCount "218"]
[EventDate "2019.08.24"]
[EventType "team-tourn"]
[EventCountry "MAR"]
[SourceTitle "playchess.com"]
[Source "ChessBase"]
[SourceQuality "1"]
[WhiteTeam "CAF"]
[BlackTeam "STP"]
[TimeControl "900+10"]

1. e4 {[%emt 0:00:00]} e5 {[%emt 0:00:00]} 2. Bc4 {[%emt 0:00:00]} Bc5 {[%emt 0:00:51]} 3. Nf3 {[%emt 0:00:02]} Nc6 {[%emt 0:00:03]} 4. O-O Nf6 5. d3 {[%emt 0:00:24]} h6 {[%emt 0:00:04]} 6. c3 {[%emt 0:00:06]} O-O {[%emt 0:00:25]} 7. a4 {[%emt 0:00:02]} a5 {[%emt 0:00:11]} 8. Nbd2 {[%emt 0:00:21]} d6 {[%emt 0:00:15]} 9. h3 {[%emt 0:00:02]} Be6 {[%emt 0:00:09]} 10. Bxe6 {[%emt 0:00:08]} fxe6 {[%emt 0:00:01]} 11. Nb3 {[%emt 0:00:07]} Ba7 {[%emt 0:00:21]} 12. Kh1 {[%emt 0:00:07]} Nh5 {[%emt 0:00:46]} 13. Nh2 {[%emt 0:00:03]} Nf4 {[%emt 0:00:06]} 14. Bxf4 {[%emt 0:00:16]} Rxf4 {[%emt 0:00:08]} 15. f3 {[%emt 0:00:14]} Qg5 {[%emt 0:00:19]} 16. Qe1 {[%emt 0:00:25]} Raf8 {[%emt 0:00:03]} 17. Nd2 {[%emt 0:00:24]} Ne7 {[%emt 0:00:16]} 18. Rd1 {[%emt 0:00:10]} Ng6 {[%emt 0:00:22]} 19. g3 {[%emt 0:00:15]} R4f7 {[%emt 0:00:15]} 20. h4 {[%emt 0:00:06]} Qh5 {[%emt 0:01:03]} 21. Kg2 {[%emt 0:00:20]} d5 {[%emt 0:02:05]} 22. Rh1 {[%emt 0:00:06]} Ne7 {[%emt 0:01:07]} 23. g4 {[%emt 0:00:17]} Qg6 {[%emt 0:00:10]} 24. Nhf1 {[%emt 0:00:40]} Rf4 {[%emt 0:00:30]} 25. Qg3 {[%emt 0:00:20]} Nc6 {[%emt 0:01:13]} 26. Re1 {[%emt 0:00:02]} Rd8 {[%emt 0:00:09]} 27. h5 {[%emt 0:00:16]} Qf6 {[%emt 0:00:25]} 28. Qh4 {[%emt 0:00:07]} Rf8 {[%emt 0:00:57]} 29. Qxf6 {[%emt 0:00:03]} R8xf6 {[%emt 0:00:01]} 30. Ng3 {[%emt 0:00:04]} Rf8 {[%emt 0:00:15]} 31. Ne2 {[%emt 0:00:02]} R4f7 {[%emt 0:01:52]} 32. Ref1 {[%emt 0:00:09]} Be3 {[%emt 0:00:03]} 33. Nb3 {[%emt 0:00:04]} b6 {[%emt 0:00:05]} 34. Ng3 {[%emt 0:00:16]} Rb8 {[%emt 0:01:07]} 35. Nc1 {[%emt 0:00:07]} b5 {[%emt 0:00:05]} 36. axb5 {[%emt 0:00:15]} Rxb5 {[%emt 0:00:01]} 37. b3 {[%emt 0:00:08]} Bxc1 {[%emt 0:00:31]} 38. Rxc1 {[%emt 0:00:01]} Rxb3 {[%emt 0:00:02]} 39. Rc2 {[%emt 0:00:01]} d4 {[%emt 0:00:29]} 40. Ne2 {[%emt 0:00:13]} dxc3 {[%emt 0:00:19]} 41. Rxc3 {[%emt 0:00:09]} Rxc3 {[%emt 0:00:24]} 42. Nxc3 {[%emt 0:00:01]} Nd4 {[%emt 0:00:01]} 43. Rf1 {[%emt 0:00:14]} Nc2 {[%emt 0:00:05]} 44. Rb1 {[%emt 0:00:15]} Rd7 {[%emt 0:00:12]} 45. Nb5 {[%emt 0:00:31]} c6 {[%emt 0:00:16]} 46. Nc3 {[%emt 0:00:18]} Rxd3 {[%emt 0:00:08]} 47. Rb8+ {[%emt 0:00:03]} Kf7 {[%emt 0:00:22]} 48. Rb7+ {[%emt 0:00:02]} Kf6 {[%emt 0:00:01]} 49. Na4 {[%emt 0:00:02]} Nd4 {[%emt 0:00:23]} 50. Nc5 {[%emt 0:00:28]} Rd2+ {[%emt 0:00:22]} 51. Kg3 {[%emt 0:00:04]} Ne2+ {[%emt 0:00:02]} 52. Kf2 {[%emt 0:00:05]} Nf4+ {[%emt 0:00:03]} 53. Ke1 {[%emt 0:00:13]} Re2+ {[%emt 0:00:30]} 54. Kf1 {[%emt 0:00:04]} g6 {[%emt 0:01:07]} 55. hxg6 {[%emt 0:00:05]} Kxg6 {[%emt 0:00:03]} 56. Nxe6 {[%emt 0:00:03]} Ra2 {[%emt 0:00:23]} 57. Nxf4+ {[%emt 0:00:03]} exf4 {[%emt 0:00:02]} 58. Rb6 {[%emt 0:00:07]} Rc2 {[%emt 0:00:11]} 59. Ra6 {[%emt 0:00:02]} Rc5 {[%emt 0:00:02]} 60. Ke2 {[%emt 0:00:07]} Kg5 {[%emt 0:00:04]} 61. Kd3 {[%emt 0:00:06]} Kh4 {[%emt 0:00:09]} 62. Kd4 {[%emt 0:00:01]} Rc1 {[%emt 0:01:02]} 63. Rxa5 {[%emt 0:00:03]} Kg3 {[%emt 0:00:03]} 64. e5 {[%emt 0:00:09]} Kxf3 {[%emt 0:00:08]} 65. e6 {[%emt 0:00:02]} Rd1+ {[%emt 0:00:17]} 66. Ke5 {[%emt 0:00:01]} Re1+ {[%emt 0:00:03]} 67. Kf5 {[%emt 0:00:03]} Kg3 {[%emt 0:00:06]} 68. Re5 {[%emt 0:00:01]} Rxe5+ {[%emt 0:00:15]} 69. Kxe5 {[%emt 0:00:01]} f3 {[%emt 0:00:01]} 70. e7 {[%emt 0:00:01]} f2 {[%emt 0:00:01]} 71. e8=Q f1=Q 72. Qxc6 {[%emt 0:00:46]} Qf4+ {[%emt 0:00:22]} 73. Ke6 {[%emt 0:00:23]} Qxg4+ {[%emt 0:00:04]} 74. Ke7 {[%emt 0:00:17]} Qg7+ {[%emt 0:00:22]} 75. Kd8 {[%emt 0:00:19]} Qf8+ {[%emt 0:00:15]} 76. Kc7 {[%emt 0:00:05]} Qe7+ {[%emt 0:00:32]} 77. Kb6 {[%emt 0:00:09]} Qe3+ {[%emt 0:00:22]} 78. Kc7 {[%emt 0:00:06]} Qf4+ {[%emt 0:00:07]} 79. Kb6 {[%emt 0:00:02]} h5 {[%emt 0:00:21]} 80. Qc3+ {[%emt 0:00:15]} Kg2 {[%emt 0:00:10]} 81. Qg7+ {[%emt 0:00:17]} Qg3 {[%emt 0:00:50]} 82. Qb7+ {[%emt 0:00:17]} Kh2 {[%emt 0:00:03]} 83. Kc5 {[%emt 0:00:51]} h4 {[%emt 0:00:09]} 84. Qb2+ {[%emt 0:00:18]} Kg1 {[%emt 0:00:03]} 85. Qc1+ {[%emt 0:00:14]} Kg2 {[%emt 0:00:02]} 86. Qh6 {[%emt 0:00:54]} h3 {[%emt 0:00:07]} 87. Kc4 {[%emt 0:00:11]} h2 {[%emt 0:00:07]} 88. Qd2+ {[%emt 0:00:16]} Qf2 {[%emt 0:00:10]} 89. Qg5+ {[%emt 0:00:06]} Kf1 {[%emt 0:00:04]} 90. Qc1+ {[%emt 0:00:15]} Ke2 {[%emt 0:00:18]} 91. Qc2+ {[%emt 0:00:12]} Kf3 {[%emt 0:00:15]} 92. Qf5+ {[%emt 0:00:03]} Kg3 {[%emt 0:00:02]} 93. Qg5+ {[%emt 0:00:05]} Kh3 {[%emt 0:00:08]} 94. Kb5 {[%emt 0:01:04]} h1=Q {[%emt 0:00:14]} 95. Qh6+ {[%emt 0:00:16]} Kg2 {[%emt 0:00:05]} 96. Qg5+ {[%emt 0:00:05]} Kf1 {[%emt 0:00:21]} 97. Qc1+ Kg2 98. Qg5+ {[%emt 0:00:45]} Kh3 {[%emt 0:00:13]} 99. Qh6+ {[%emt 0:00:19]} Qh4 {[%emt 0:00:08]} 100. Qe3+ {[%emt 0:00:07]} Kh2 {[%emt 0:00:04]} 101. Qe5+ {[%emt 0:00:17]} Kg1 {[%emt 0:00:36]} 102. Qa1+ {[%emt 0:00:22]} Kf2 {[%emt 0:00:04]} 103. Qb2+ {[%emt 0:00:10]} Kf3 {[%emt 0:00:03]} 104. Qc3+ {[%emt 0:00:06]} Kf4 {[%emt 0:00:04]} 105. Qc7+ {[%emt 0:00:11]} Kf5 {[%emt 0:00:12]} 106. Qf7+ {[%emt 0:00:07]} Qf6 {[%emt 0:00:04]} 107. Qd7+ {[%emt 0:00:08]} Kg6 {[%emt 0:00:21]} 108. Qe8+ {[%emt 0:00:14]} Kh6 {[%emt 0:00:11]} 109. Qe3+ {[%emt 0:00:06]} Qg5+ {[%emt 0:00:02]} 0-1

[Event "African Games-chT 2019"]
[Site "Casablanca"]
[Date "2019.08.24"]
[Round "2.38"]
[White "Espirito Santo, Waldyr"]
[Black "Koualet-Bebondi, Vianney Archeveq"]
[Result "1-0"]
[WhiteElo "1923"]
[BlackElo "1679"]
[Annotator "NA"]
[PlyCount "33"]
[EventDate "2019.08.24"]
[EventType "team-tourn"]
[EventCountry "MAR"]
[SourceTitle "playchess.com"]
[Source "ChessBase"]
[SourceQuality "1"]
[WhiteTeam "STP"]
[BlackTeam "CAF"]
[TimeControl "900+10"]

1. e4 {[%emt 0:00:00]} e5 {[%emt 0:00:00]} 2. Nf3 {[%emt 0:00:10]} d6 {[%emt 0:00:00]} 3. Bc4 {[%emt 0:00:33]} Be7 {[%emt 0:00:00]} 4. Nc3 {[%emt 0:00:16]} c6 {[%emt 0:00:02]} 5. d3 {[%emt 0:00:17]} Nd7 {[%emt 0:00:11]} 6. h3 {[%emt 0:00:19]} Nb6 {[%emt 0:00:30]} 7. Bb3 {[%emt 0:00:04]} h6 {[%emt 0:00:10]} 8. O-O {[%emt 0:00:19]} Nf6 {[%emt 0:00:20]} 9. Nh2 {[%emt 0:00:23]} O-O {[%emt 0:00:14]} 10. f4 {[%emt 0:00:04]} Nh7 {[%emt 0:00:20]} 11. fxe5 {[%emt 0:00:43]} dxe5 {[%emt 0:00:10]} 12. Ng4 {[%emt 0:00:24]} Bd6 {[%emt 0:00:34]} 13. Nxh6+ {[%emt 0:01:20]} gxh6 {[%emt 0:00:57]} 14. Bxh6 {[%emt 0:00:04]} Bd7 {[%emt 0:01:47]} 15. Qh5 {[%emt 0:01:42]} Qe7 {[%emt 0:00:41]} 16. Qg6+ {[%emt 0:00:59]} Kh8 {[%emt 0:02:08]} 17. Qg7# {[%emt 0:02:05]} 1-0

[Event "African Games-chT 2019"]
[Site "Casablanca"]
[Date "2019.08.24"]
[Round "3.1"]
[White "Adly, Ahmed"]
[Black "Bellahcene, Bilel"]
[Result "1/2-1/2"]
[WhiteElo "2636"]
[BlackElo "2550"]
[Annotator "TA"]
[PlyCount "56"]
[EventDate "2019.08.24"]
[EventType "team-tourn"]
[EventCountry "MAR"]
[SourceTitle "playchess.com"]
[Source "ChessBase"]
[SourceQuality "1"]
[WhiteTeam "Egypt"]
[BlackTeam "Algeria"]
[WhiteTeamCountry "EGY"]
[BlackTeamCountry "ALG"]

{[%evp 12,56,-24,-10,30,17,18,12,12,20,36,22,17,22,39,-20,-44,-52,-64,-58,-16,-41,-39,-36,-35,-121,0,0,0,-30,-50,-43,-45,-30,-31,-33,-37,-37,0,0,0,0,0,0,0,0,0]} 1. Nf3 Nf6 2. c4 c5 3. g3 Nc6 4. Bg2 d5 5. O-O e5 6. cxd5 Nxd5 7. Nc3 Nxc3 {A30: Symmetrical English: Double Fianchetto and Hedgehog} (7... Nc7 8. d3 Be7 9. b3 O-O 10. Bb2 Be6 11. Rc1 f6 12. e3 Qd7 13. Qe2 Rfd8 14. Rfd1 Rac8 15. Ne4 Na6 16. Rd2 Kh8 17. Rcd1 Bg4 18. Qf1 f5 19. Nc3 Bf6 {0-1 (36) Iturrizaga Bonelli,E (2636)-Vidit,S (2711) chess.com INT 2018}) 8. dxc3 Qc7 9. Be3 Be7 10. Qc2 h6 11. b4 $146 ({Predecessor:} 11. Rfd1 O-O 12. Nd2 Be6 13. Ne4 b6 14. f4 f5 15. Nf2 {0-1 (34) Batceceg,T (2040)-Xu,Y (2280) Macau 1996}) 11... O-O 12. b5 Na5 13. Qe4 (13. Qa4 $1 $14) 13... Bd6 $11 14. Rfd1 Be6 15. Qh4 Rad8 16. Bxh6 gxh6 17. Qxh6 Be7 {[#] aiming for ...Rxd1+.} 18. Nh4 (18. Nd4 $1 $15 {[%mdl 512]} Rd6 (18... cxd4 19. Be4) 19. Nxe6 (19. Be4 $2 Bf5 $19) 19... Rxe6 20. Qh5) 18... Rxd1+ ({Better is} 18... Bxh4 $1 $17 19. gxh4 f6 20. Rxd8 Rxd8 21. Qxf6 Rd6) 19. Rxd1 {Threatens to win with Be4.} Rd8 $1 {[%cal Rd8d1]} 20. Rxd8+ Qxd8 21. Be4 {Qh7+ would kill now.} Bg5 ({Don't blunder} 21... Qd1+ $2 22. Kg2 $18) 22. Qh7+ Kf8 23. Qh8+ {[%mdl 64] [#] Double Attack} Ke7 24. Nf5+ Kd7 (24... Bxf5 $5 25. Qxe5+ {[%mdl 64] Double Attack} Be6 26. Qxg5+ Ke8 27. Qxc5 Qd1+ 28. Kg2 Qxe2 $11) 25. Qxe5 {The position is equal.} Qc7 26. Qg7 Qd8 {Strongly threatening ...Kc7.} 27. Qe5 Qc7 28. Qg7 Qd8 {Accuracy: White = 52%, Black = 61%.} 1/2-1/2

[Event "African Games-chT 2019"]
[Site "Casablanca"]
[Date "2019.08.24"]
[Round "3.2"]
[White "Arab, Adlane"]
[Black "Amin, Bassem"]
[Result "0-1"]
[WhiteElo "2485"]
[BlackElo "2692"]
[Annotator "TA"]
[PlyCount "84"]
[EventDate "2019.08.24"]
[EventType "team-tourn"]
[EventCountry "MAR"]
[SourceTitle "playchess.com"]
[Source "ChessBase"]
[SourceQuality "1"]
[WhiteTeam "Algeria"]
[BlackTeam "Egypt"]
[WhiteTeamCountry "ALG"]
[BlackTeamCountry "EGY"]

{[%evp 17,84,25,22,16,38,11,27,28,29,21,24,13,49,30,44,25,28,0,0,0,0,-8,-5,-5,0,0,0,0,0,-8,0,-43,-25,-35,0,-40,0,-36,-25,-35,-22,-91,-78,-98,-85,-113,-98,-109,-113,-141,-155,-152,-156,-155,-59,-59,-60,-363,-361,-506,-487,-782,-752,-922,-910,-933,-840,-29985,-841]} 1. d4 Nf6 2. c4 g6 3. Nc3 Bg7 4. e4 d6 5. h3 O-O 6. Bg5 c5 7. d5 e6 8. Bd3 exd5 9. exd5 Nbd7 10. Nf3 {E71: King's Indian: 4 e4 d6 5 h3} Re8+ 11. Be3 (11. Kf1 {keeps more tension.} a6 12. a4 h6 13. Bd2 Ne5 14. Nxe5 Rxe5 15. g4) (11. Kf1 Ne5 12. Nxe5 Rxe5 13. Qd2 b5 14. Nxb5 Ne4 15. Bxe4 Rxg5 16. f4 Rg3 17. Qf2 Qh4 {0-1 (44) Movsesian,S (2700)-Ding,L (2711) Antalya 2013}) 11... Bh6 12. O-O {White has an edge.} Bxe3 13. fxe3 Qe7 14. e4 a6 15. Qd2 Ne5 $146 ({Predecessor:} 15... Kg7 16. Rf2 Ng8 17. Raf1 f6 {1-0 (41) Lehmann,H (2160)-Zobel,A (2080) Muenster 1997}) 16. Nxe5 Qxe5 17. Qf4 Qxf4 18. Rxf4 Nd7 $1 19. a4 Ne5 20. Be2 Kg7 21. Raf1 h5 22. Rf6 Rd8 23. R6f4 Bd7 24. R1f2 b6 25. Rf1 Ra7 26. Rb1 Rc7 27. Rff1 Rb8 28. Kf2 f5 29. Rbe1 (29. Kg1 $11 {remains equal.}) 29... f4 $17 30. Kg1 Rf8 31. Rf2 Bc8 32. Rb1 Rcf7 33. Rbf1 Kh6 34. h4 Bg4 35. b3 Bxe2 (35... g5 $17 36. hxg5+ Kxg5) 36. Nxe2 $15 {[%cal Rf2f4]} f3 37. Nc3 $2 {[%mdl 8192] [#]} (37. gxf3 $15 Nxf3+ 38. Kg2 Nxh4+ 39. Kg3 Rxf2 40. Rxf2 Rxf2 41. Kxf2) 37... Rf4 $19 38. g3 (38. Nb1 $142 fxg2 39. Rxf4 gxf1=Q+ 40. Rxf1 Nf3+ 41. Kg2 Nxh4+ 42. Kg1 Rxf1+ 43. Kxf1) 38... Rg4 39. Kh2 (39. Rh2 $142 Rxg3+ 40. Kf2) 39... g5 40. hxg5+ Kxg5 41. a5 bxa5 42. Ra1 Rh8 {Accuracy: White = 23%, Black = 51%.} (42... h4 $142 43. gxh4+ Rxh4+ 44. Kg1 Rfh8 45. Rff1 Kf4 46. Ne2+ Kg4 47. Rxf3 Kxf3 {[%mdl 64] Double Attack} 48. Kf1 Rf8 49. b4 cxb4 50. Rxa5 Ke3+ {[%mdl 64] Discovered Attack} 51. Kg2 Kxe2 52. Ra2+ {[#]} Ke3 $1 {[%mdl 512]} 53. Re2+ Kxe2 54. Kg3 Rg4+ 55. Kh3 Rh8#) 0-1

[Event "African Games-chT 2019"]
[Site "Casablanca"]
[Date "2019.08.24"]
[Round "3.3"]
[White "Wafa, Shrook"]
[Black "Nassr, Lina"]
[Result "1-0"]
[WhiteElo "2183"]
[BlackElo "1938"]
[Annotator "NA"]
[PlyCount "74"]
[EventDate "2019.08.24"]
[EventType "team-tourn"]
[EventCountry "MAR"]
[SourceTitle "playchess.com"]
[Source "ChessBase"]
[SourceQuality "1"]
[WhiteTeam "Egypt"]
[BlackTeam "Algeria"]
[WhiteTeamCountry "EGY"]
[BlackTeamCountry "ALG"]
[TimeControl "900+10"]

1. e4 {[%emt 0:00:00]} c5 {[%emt 0:00:00]} 2. Nf3 {[%emt 0:00:00]} e6 {[%emt 0:00:00]} 3. c4 {[%emt 0:00:02]} Nc6 {[%emt 0:00:00]} 4. d4 {[%emt 0:00:06]} cxd4 {[%emt 0:00:00]} 5. Nxd4 {[%emt 0:00:04]} Nf6 {[%emt 0:00:08]} 6. Nc3 {[%emt 0:00:05]} Bb4 {[%emt 0:00:04]} 7. Qd3 {[%emt 0:00:21]} d6 {[%emt 0:01:58]} 8. Be2 {[%emt 0:00:38]} O-O {[%emt 0:00:14]} 9. O-O {[%emt 0:00:14]} a6 {[%emt 0:00:58]} 10. Be3 {[%emt 0:01:03]} Qc7 {[%emt 0:01:31]} 11. f4 {[%emt 0:01:20]} Bc5 {[%emt 0:01:18]} 12. Kh1 {[%emt 0:02:09]} Rd8 {[%emt 0:01:25]} 13. Nxc6 {[%emt 0:02:24]} bxc6 {[%emt 0:01:32]} 14. Bxc5 {[%emt 0:00:09]} dxc5 {[%emt 0:00:02]} 15. Qe3 {[%emt 0:01:00]} e5 {[%emt 0:00:40]} 16. Qxc5 {[%emt 0:01:38]} exf4 {[%emt 0:03:59]} 17. e5 {[%emt 0:01:10]} Nd7 {[%emt 0:00:13]} 18. Qe7 {[%emt 0:00:04]} Rf8 {[%emt 0:01:45]} 19. Rad1 {[%emt 0:00:38]} Ra7 {[%emt 0:00:36]} 20. Rd6 {[%emt 0:01:34]} Nc5 {[%emt 0:00:37]} 21. Qxc7 {[%emt 0:00:27]} Rxc7 {[%emt 0:00:01]} 22. Rxf4 {[%emt 0:00:12]} Be6 {[%emt 0:00:34]} 23. b3 {[%emt 0:00:29]} Nb7 {[%emt 0:00:12]} 24. Rd1 {[%emt 0:00:15]} Re8 {[%emt 0:00:27]} 25. h3 {[%emt 0:01:20]} h6 {[%emt 0:00:23]} 26. Bf3 {[%emt 0:00:34]} Bc8 {[%emt 0:00:18]} 27. Re4 {[%emt 0:00:22]} Nc5 {[%emt 0:00:14]} 28. Re2 {[%emt 0:00:09]} Bb7 {[%emt 0:00:02]} 29. b4 {[%emt 0:00:17]} Ne6 {[%emt 0:00:04]} 30. c5 {[%emt 0:00:04]} Ng5 {[%emt 0:00:27]} 31. Rd6 {[%emt 0:00:19]} Nxf3 {[%emt 0:00:09]} 32. gxf3 {[%emt 0:00:02]} Rce7 {[%emt 0:00:11]} 33. f4 {[%emt 0:00:06]} Re6 {[%emt 0:00:11]} 34. Rxe6 {[%emt 0:00:04]} Rxe6 {[%emt 0:00:05]} 35. Rd2 {[%emt 0:00:05]} Kf8 {[%emt 0:00:18]} 36. Rd7 {[%emt 0:00:11]} Re7 {[%emt 0:00:04]} 37. Rxe7 {[%emt 0:00:07]} Kxe7 {[%emt 0:00:02]} 1-0